POBLES DEL BAIX CAMP - Estadísticas

Estadísticas generales
  • Esta prueba ha sido intentada 93 veces
    91 desde el último reinicio
  • La puntuación promedio es 16 de 28
Estadísticas de respuestas
INICIAL MUNICIPI % Correcto
R Reus
100%
C Cambrils
86%
R Riudoms
81%
S la Selva del Camp
79%
R Riudecanyes
74%
M Montbrió del Camp
67%
M Mont-roig del Camp
67%
P Prades
63%
A l'Aleixar
60%
R Riudecols
60%
F la Febró
58%
V Vandellòs i l'Hospitalet de l'Infant
58%
C Castellvell del Camp
56%
B les Borges del Camp
56%
V Vinyols i els Arcs
56%
D Duesaigües
53%
A Almoster
51%
A Arbolí
51%
A l'Albiol
51%
A Alforja
49%
P Pratdip
47%
V Vilanova d'Escornalbou
47%
B Botarell
44%
A l'Argentera
40%
M Maspujols
37%
V Vilaplana
35%
C Capafonts
28%
C Colldejou
23%
No se encontraron pruebas coincidentes
Distribución de puntuación
Porcentaje de gente con cada puntuación
Porcentaje por número respondido
Historial de tus puntuaciones
No has intentado esta prueba desde el último reinicio